| 000 | 00766nab a2200229u 4500 | ||
|---|---|---|---|
| 001 | 15097 | ||
| 003 | HDC | ||
| 007 | c| |||a|c|aaaa | ||
| 008 | 210216b20110626my ||||| |||| 00| 0 may d | ||
| 040 | _aHDC | ||
| 245 | 0 | _aPindaan akta mantapkan penguatkuasaan peraturan halal: Jamil Khir | |
| 336 |
_atext _2rdacontent |
||
| 337 |
_acomputer _2rdamedia |
||
| 338 |
_aonline resource _2rdacarrier |
||
| 650 |
_ahalal certification _9753 |
||
| 650 |
_aJabatan Kemajuan Islam Malaysia (JAKIM) _910824 |
||
| 710 | _aBERITA HARIAN | ||
| 856 | _zRequest full-text at [email protected] | ||
| 942 | _2lcc | ||
| 942 | _cNEWS | ||
| 942 | _kNWSC 003682 | ||
| 999 |
_c12413 _d12413 |
||